[Event "55th World U20 ch"]
[Site "Bhubaneswar IND"]
[Date "2016.08.11"]
[Round "4.16"]
[White "Rakesh, Kumar Jena"]
[Black "Bersamina, Paulo"]
[Result "1-0"]
[WhiteElo "2161"]
[BlackElo "2402"]
[EventDate "2016.08.08"]
[PlyCount "83"]

1.e4 c5 2.Nf3 Nc6 3.Bb5 e6 4.Bxc6 bxc6 5.O-O d5 6.exd5 cxd5 7.d4 Nf6 8.Bg5
Be7 9.Ne5 Bb7 10.dxc5 Bxc5 11.c3 O-O 12.Nd2 Qc7 13.Re1 Bd6 14.Bxf6 gxf6 
15.Nef3 Kh8 16.Nf1 Bc5 17.Qd2 Rg8 18.Ng3 Rg6 19.Kh1 Rag8 20.a4 a6 21.a5 
Rg4 22.b4 Ba7 23.b5 axb5 24.a6 Bc6 25.Nd4 e5 26.Ndf5 Rf4 27.f3 Rg5 28.Ne7 
Rh4 29.Nef5 Rc4 30.Ne3 Rc5 31.Ng4 Qe7 32.h4 Rxg4 33.fxg4 Rc4 34.Nf5 Rxg4 
35.Qe2 Rf4 36.Rf1 Rxf1+ 37.Rxf1 Qf8 38.Qh5 d4 39.Nh6 Kg7 40.Qg4+ Kh8 41.
Rxf6 Bd5 42.Qf5 1-0

[Event "55th World U20 ch"]
[Site "Bhubaneswar IND"]
[Date "2016.08.11"]
[Round "4.17"]
[White "Akash, Ganesan"]
[Black "Evangelista, Paul Robert"]
[Result "1-0"]
[WhiteElo "2400"]
[BlackElo "2020"]
[EventDate "2016.08.08"]
[PlyCount "65"]

1.e4 e6 2.d4 d5 3.Nc3 Nf6 4.Nb1 Ng8 5.Nc3 Nf6 6.e5 Nfd7 7.f4 c5 8.Nf3 Nc6 
9.Be3 Be7 10.Qd2 a6 11.dxc5 Bxc5 12.O-O-O Qa5 13.Bxc5 Nxc5 14.Qe3 Bd7 15.
Kb1 Rc8 16.a3 Ne7 17.Nd4 Qb6 18.Bd3 Nxd3 19.Rxd3 Nc6 20.f5 Nxd4 21.Rxd4 
Rc4 22.Rhd1 Qc5 23.Qf4 exf5 24.Rxc4 dxc4 25.Qg3 g6 26.Nd5 Bc6 27.Nf6+ Ke7 
28.Qh4 Ke6 29.Nd7 Qd5 30.Qf6+ Kxd7 31.Rxd5+ Bxd5 32.Qxh8 Bxg2 33.Qxh7 1-0

[Event "55th World U20 ch"]
[Site "Bhubaneswar IND"]
[Date "2016.08.11"]
[Round "4.18"]
[White "Chakravarthi Reddy, M."]
[Black "Wagner, Dennis"]
[Result "1/2-1/2"]
[WhiteElo "2228"]
[BlackElo "2572"]
[EventDate "2016.08.08"]
[PlyCount "91"]

1.d4 Nf6 2.c4 e6 3.Nf3 d5 4.Nc3 c6 5.g3 Nbd7 6.Bg2 Be7 7.O-O O-O 8.b3 b6 
9.Bb2 Ba6 10.Nd2 b5 11.Qc2 Rc8 12.Rfd1 bxc4 13.bxc4 dxc4 14.Na4 Qe8 15.e4 
c5 16.d5 exd5 17.exd5 Bd6 18.Nxc4 Bxc4 19.Qxc4 Ne5 20.Qa6 Qd7 21.Rac1 Rfd8
22.Bxe5 Bxe5 23.Nxc5 Qf5 24.Qd3 Qxd3 25.Nxd3 Bd6 26.Rc6 Kf8 27.Rdc1 Rb8 
28.Bf3 Ba3 29.R1c3 Be7 30.Ra6 Nxd5 31.Bxd5 Rxd5 32.Rxa7 Bf6 33.Rca3 Be7 
34.Ra8 Bxa3 35.Rxb8+ Ke7 36.Rb3 Bd6 37.Kf1 Ra5 38.Rb2 h5 39.Nc1 Ra4 40.Ne2
Rc4 41.Ke1 h4 42.Kd2 Be5 43.Rb7+ Ke6 44.f4 Bf6 45.Ra7 hxg3 46.hxg3 1/2-1/2

[Event "55th World U20 ch"]
[Site "Bhubaneswar IND"]
[Date "2016.08.11"]
[Round "4.19"]
[White "Henriquez Villagra, Cristobal"]
[Black "Nihal, Sarin"]
[Result "1-0"]
[WhiteElo "2520"]
[BlackElo "2358"]
[EventDate "2016.08.08"]
[PlyCount "67"]

1.d4 Nf6 2.c4 e6 3.Nf3 b6 4.e3 Bb7 5.Bd3 g6 6.Nc3 Bg7 7.e4 d6 8.O-O O-O 9.
h3 c5 10.d5 Nbd7 11.Bg5 h6 12.Be3 e5 13.Qd2 Kh7 14.g4 Re8 15.Nh2 Ng8 16.
Nb5 Bf8 17.f4 a6 18.Nc3 exf4 19.Bxf4 Qe7 20.Nf3 Bg7 21.Qh2 Ne5 22.Nxe5 
Bxe5 23.Bxe5 dxe5 24.Na4 Qc7 25.b4 Re7 26.Qf2 Rc8 27.Rab1 Ba8 28.bxc5 bxc5
29.Rb6 Rd7 30.Rxa6 Qb7 31.Rxa8 Qxa8 32.Nb6 Qa3 33.Nxd7 Qxd3 34.Nxe5 1-0

[Event "55th World U20 ch"]
[Site "Bhubaneswar IND"]
[Date "2016.08.11"]
[Round "4.20"]
[White "Studer, Noel"]
[Black "Sammed Jaykumar, Shete"]
[Result "0-1"]
[WhiteElo "2477"]
[BlackElo "2253"]
[EventDate "2016.08.08"]
[PlyCount "80"]

1.d4 Nf6 2.c4 g6 3.Nc3 Bg7 4.e4 d6 5.Nf3 O-O 6.Be2 e5 7.O-O Nc6 8.d5 Ne7 
9.Nd2 a5 10.a3 Nd7 11.Rb1 f5 12.b4 Kh8 13.f3 f4 14.Nb5 b6 15.Qc2 a4 16.Bb2
g5 17.Rfc1 Ng6 18.c5 bxc5 19.Bc3 Rg8 20.Nc4 Bf8 21.Na5 Nf6 22.Nc6 Qd7 23.
bxc5 g4 24.cxd6 cxd6 25.Kh1 Qg7 26.Nd8 Nh4 27.Bb4 Be7 28.Ne6 Bxe6 29.dxe6 
Rad8 30.Rg1 Nh5 31.h3 gxh3 32.gxh3 Ng3+ 33.Kh2 Qh6 34.Bd1 Qxe6 35.Qf2 Rg5 
36.Nc7 Qh6 37.Be2 Rdg8 38.Bb5 Qh5 39.Be2 Nxe2 40.Rg4 Nxf3+ 0-1

[Event "55th World U20 ch"]
[Site "Bhubaneswar IND"]
[Date "2016.08.11"]
[Round "4.21"]
[White "Gholami, Aryan"]
[Black "Gajwa, Ankit"]
[Result "0-1"]
[WhiteElo "2461"]
[BlackElo "2282"]
[EventDate "2016.08.08"]
[PlyCount "74"]

1.c4 Nf6 2.Nc3 g6 3.g3 Bg7 4.Bg2 O-O 5.d4 d6 6.Nf3 Nbd7 7.O-O e5 8.e4 c6 
9.h3 Qb6 10.dxe5 dxe5 11.Qc2 Qc5 12.b3 Qe7 13.Bb2 Ne8 14.Ne1 h5 15.a4 a5 
16.Nd3 b6 17.f4 h4 18.Ba3 Nc5 19.Nxe5 Bxe5 20.fxe5 hxg3 21.Ne2 Qh4 22.Rf4 
Qh6 23.Qc3 Bxh3 24.Qxg3 Bxg2 25.Kxg2 Ng7 26.Rh4 Qd2 27.Qg4 f5 28.exf6 Rxf6
29.Rah1 Kf7 30.Bc1 Qd3 31.Bb2 Re8 32.e5 Rf5 33.Rh7 Re6 34.R7h3 Qc2 35.Rc1 
Qxb2 36.Rcc3 Rfxe5 37.Rhf3+ Nf5 0-1

[Event "55th World U20 ch"]
[Site "Bhubaneswar IND"]
[Date "2016.08.11"]
[Round "4.22"]
[White "Mousavi, Seyed Khalil"]
[Black "Palucha, Szymon"]
[Result "1-0"]
[WhiteElo "2422"]
[BlackElo "1932"]
[EventDate "2016.08.08"]
[PlyCount "91"]

1.c4 Nf6 2.Nc3 d5 3.cxd5 Nxd5 4.g3 e5 5.Bg2 Nb6 6.Nf3 Nc6 7.d3 Be7 8.O-O 
O-O 9.b3 Re8 10.Bb2 Bf8 11.Rc1 Bg4 12.h3 Be6 13.Ne4 f6 14.Nc5 Bxc5 15.Rxc5
Qd7 16.Kh2 Rad8 17.Qc1 Nd5 18.Rd1 Rc8 19.Qb1 Qf7 20.d4 exd4 21.Nxd4 Nxd4 
22.Rxd4 c6 23.Rh4 Qg6 24.Be4 f5 25.Rg4 Qxg4 26.hxg4 fxe4 27.Qxe4 Rcd8 28.
g5 Rd7 29.Qb1 Bf7 30.e4 Bg6 31.f3 Nb4 32.Rc1 Rd2+ 33.Kg1 Re2 34.Re1 Rxb2 
35.Qxb2 Nd3 36.Qd2 Nxe1 37.Qxe1 Re5 38.Qd2 Re7 39.Qd6 Kf7 40.g4 a6 41.e5 
Re6 42.Qb8 Re7 43.f4 Be4 44.f5 Bd5 45.Qd6 Ke8 46.e6 1-0

[Event "55th World U20 ch"]
[Site "Bhubaneswar IND"]
[Date "2016.08.11"]
[Round "4.23"]
[White "Shailesh, Dravid"]
[Black "Beukema, Stefan"]
[Result "0-1"]
[WhiteElo "2224"]
[BlackElo "2380"]
[EventDate "2016.08.08"]
[PlyCount "126"]

1.e4 e5 2.Nf3 Nc6 3.Bb5 Nge7 4.c3 g6 5.d4 exd4 6.O-O Bg7 7.cxd4 d5 8.exd5 
Nxd5 9.Re1+ Be6 10.Bg5 Qd6 11.Nc3 Nxc3 12.bxc3 O-O 13.Bd3 Rfe8 14.Nd2 Qd5 
15.Be3 Qd7 16.Ne4 b6 17.Bg5 Bf5 18.Qf3 Na5 19.Re3 h6 20.Bh4 c6 21.Rae1 Re6
22.g4 Bxe4 23.Rxe4 Rae8 24.Kg2 b5 25.Bg3 Nc4 26.R1e2 Nb6 27.Bf4 a5 28.Rxe6
Rxe6 29.Rxe6 Qxe6 30.Bc7 Nd5 31.Bxa5 Qd6 32.Be4 Nf4+ 33.Kg1 c5 34.Bb6 cxd4
35.Bxd4 Bxd4 36.cxd4 g5 37.d5 Qe5 38.Bd3 b4 39.h3 Nxd5 40.Qe2 Qxe2 41.Bxe2
Nf4 42.Bf1 Kf8 43.f3 Ke7 44.Kf2 Kd6 45.Ke3 Ke5 46.Bc4 f6 47.Bf1 Nd5+ 48.
Kd3 Kf4 49.Kc4 Ne3+ 50.Kxb4 Nxf1 51.a4 Ke5 52.a5 Kd6 53.a6 Kc6 54.a7 Kb7 
55.a8=Q+ Kxa8 56.Kc3 Nh2 57.f4 gxf4 58.Kd3 Nf3 59.Ke4 Nh4 60.Kxf4 Kb7 61.
Kg3 Ng6 62.h4 Kc6 63.h5 Ne7 0-1

[Event "55th World U20 ch"]
[Site "Bhubaneswar IND"]
[Date "2016.08.11"]
[Round "4.24"]
[White "Gheorghiu, Calin"]
[Black "Ritviz Bhiva, Parab"]
[Result "1-0"]
[WhiteElo "2343"]
[BlackElo "2259"]
[EventDate "2016.08.08"]
[PlyCount "103"]

1.d4 Nf6 2.c4 g6 3.f3 Bg7 4.e4 d6 5.Nc3 O-O 6.Be3 Nc6 7.Nge2 a6 8.Qd2 Rb8 
9.Rc1 Bd7 10.Nd1 b5 11.c5 e5 12.d5 Ne7 13.g3 Ne8 14.Bg2 f5 15.O-O b4 16.
Nf2 Bb5 17.Rc2 Nf6 18.Rfc1 a5 19.b3 Nd7 20.cxd6 cxd6 21.Nh3 Re8 22.Ng5 Nf8
23.Rc7 Bd7 24.Ba7 Ra8 25.Be3 h6 26.Nh3 Kh7 27.Nf2 Bb5 28.f4 Nd7 29.fxe5 
Nxe5 30.Nd4 Bd7 31.exf5 Nxf5 32.Nxf5 gxf5 33.Nh3 Rc8 34.Rxc8 Bxc8 35.Nf4 
Bd7 36.Nh5 Ng4 37.Bd4 Qg5 38.Nf4 Re2 39.Qd1 Rxa2 40.Rc7 Qe7 41.Ne6 Bxd4+ 
42.Qxd4 Ne5 43.g4 Qf7 44.g5 a4 45.Qh4 Ra1+ 46.Kf2 Ng4+ 47.Kg3 f4+ 48.Kxg4 
Bxe6+ 49.dxe6 Qxc7 50.Qxh6+ Kg8 51.e7 Qd7+ 52.Kh4 1-0

[Event "55th World U20 ch"]
[Site "Bhubaneswar IND"]
[Date "2016.08.11"]
[Round "4.25"]
[White "Fan Huifeng"]
[Black "Martins, David Pires Tavares"]
[Result "1/2-1/2"]
[WhiteElo "2223"]
[BlackElo "2402"]
[EventDate "2016.08.08"]
[PlyCount "108"]

1.e4 d6 2.d4 Nf6 3.Nc3 g6 4.Be3 c6 5.Qd2 Nbd7 6.a4 Bg7 7.Nf3 O-O 8.h3 Qc7 
9.a5 Re8 10.Bd3 e5 11.dxe5 dxe5 12.Bc4 Nf8 13.Ng5 Re7 14.Bc5 Rd7 15.Qe3 h6
16.Nf3 Qb8 17.O-O g5 18.Ne2 Ng6 19.Ng3 Nh7 20.h4 g4 21.h5 Nf4 22.Nh4 Rd8 
23.Ngf5 Be6 24.Be2 Rd7 25.Bxg4 Qd8 26.g3 Qg5 27.f3 Nxh5 28.Qxg5 hxg5 29.
Bxh5 gxh4 30.gxh4 Bxf5 31.exf5 Nf6 32.Bg4 Bf8 33.Bf2 Rd2 34.Rac1 Bb4 35.
Kh1 Re2 36.Be1 Bc5 37.Bg3 Rd8 38.Rfe1 Rdd2 39.Rxe2 Rxe2 40.Re1 Rxc2 41.
Bxe5 Bf2 42.Rd1 Nd5 43.f6 Bxh4 44.Bc8 b6 45.axb6 axb6 46.Bf5 Re2 47.f4 Bg3
48.Bd7 Nxf4 49.Bxf4 Bxf4 50.Rg1+ Kh8 51.Rg7 Rh2+ 52.Kg1 Rh7 53.Rxh7+ Kxh7 
54.Bxc6 Kg6 1/2-1/2

[Event "55th World U20 ch"]
[Site "Bhubaneswar IND"]
[Date "2016.08.11"]
[Round "4.26"]
[White "Squella Lavin, Carlos Felipe"]
[Black "Pirverdiev, Agil"]
[Result "0-1"]
[WhiteElo "2203"]
[BlackElo "2364"]
[EventDate "2016.08.08"]
[PlyCount "106"]

1.d4 Nf6 2.c4 e6 3.Nf3 b6 4.g3 Bb7 5.Bg2 Be7 6.O-O O-O 7.d5 exd5 8.Nh4 c6 
9.cxd5 Nxd5 10.Nf5 Nc7 11.e4 d5 12.Nc3 Bf6 13.exd5 cxd5 14.Bf4 Nba6 15.Bd6
Re8 16.Qg4 Kh8 17.Rad1 Qc8 18.Qf3 Re6 19.Qf4 Qd7 20.Nxd5 Nxd5 21.Bxd5 Bxd5
22.Rxd5 Qc6 23.Rfd1 Rae8 24.Ne3 Kg8 25.b4 Re4 26.Qf3 Nxb4 27.Bxb4 Rxb4 28.
Re5 Re4 29.Qxe4 Qxe4 30.Rxe4 Rxe4 31.Nd5 Ra4 32.Re1 Kf8 33.Nxf6 gxf6 34.
Re2 f5 35.Kg2 Ra3 36.Kh3 Kg7 37.Kh4 Kg6 38.f4 b5 39.Rc2 b4 40.Rd2 a5 41.h3
Kf6 42.g4 Kg6 43.Rc2 Rc3 44.Rd2 Ra3 45.Rc2 f6 46.Rd2 Ra4 47.Rc2 Ra3 48.Rd2
a4 49.Rd4 Rxa2 50.Rxb4 a3 51.Rb6 fxg4 52.hxg4 Ra1 53.f5+ Kg7 0-1

[Event "55th World U20 ch"]
[Site "Bhubaneswar IND"]
[Date "2016.08.11"]
[Round "4.27"]
[White "Subhayan, Kundu"]
[Black "Tran Minh Thang"]
[Result "1-0"]
[WhiteElo "2189"]
[BlackElo "2353"]
[EventDate "2016.08.08"]
[PlyCount "77"]

1.e4 c5 2.Nf3 e6 3.d4 cxd4 4.Nxd4 Nc6 5.Nc3 Qc7 6.Be3 a6 7.Qd2 Nf6 8.O-O-O
Bb4 9.f3 Ne5 10.Nb3 b5 11.Qe1 Nc4 12.Bd4 Bb7 13.Qg3 Bd6 14.Qf2 Rc8 15.Bxc4
bxc4 16.Bb6 Qb8 17.Ba7 Bf4+ 18.Kb1 Qa8 19.Na5 Bc7 20.Nxc4 d5 21.exd5 Nxd5 
22.Bd4 O-O 23.Nxd5 Bxd5 24.Nb6 Bxb6 25.Bxb6 Qc6 26.b3 Rb8 27.Bd4 f6 28.Bb2
e5 29.Qd2 Rfd8 30.Ka1 Kf7 31.Qf2 Rdc8 32.c4 Be6 33.f4 exf4 34.Qxf4 Rd8 35.
g4 Qg2 36.g5 Qxg5 37.Qc7+ Ke8 38.Rde1 Qg4 39.Rhg1 1-0

[Event "55th World U20 ch"]
[Site "Bhubaneswar IND"]
[Date "2016.08.11"]
[Round "4.28"]
[White "Taalaibekov, Tagir"]
[Black "Rydstrom, Tom"]
[Result "0-1"]
[WhiteElo "2182"]
[BlackElo "2315"]
[EventDate "2016.08.08"]
[PlyCount "152"]

1.d4 Nf6 2.Nf3 b6 3.c4 Bb7 4.Nc3 e6 5.a3 d5 6.cxd5 exd5 7.Qc2 Nbd7 8.Bf4 
c6 9.e3 Be7 10.Bd3 O-O 11.O-O Re8 12.Rac1 Nf8 13.e4 dxe4 14.Nxe4 g6 15.
Rfd1 Ne6 16.Be5 Nd5 17.Nc3 Nxc3 18.Qxc3 Rc8 19.Bc4 Nc7 20.h4 Nd5 21.Qd2 f6
22.Bf4 Bd6 23.Bxd5+ cxd5 24.Rxc8 Bxc8 25.Bxd6 Qxd6 26.Re1 Re4 27.g3 Qe7 
28.Re3 Bg4 29.Nh2 Bf5 30.Nf1 Qd7 31.f3 Rxe3 32.Nxe3 h5 33.Qc3 Be6 34.Qc2 
Kg7 35.Ng2 Bf5 36.Qe2 Qe6 37.Qxe6 Bxe6 38.Nf4 Bf7 39.Kf2 g5 40.Nd3 Kg6 41.
Ke3 Kf5 42.Nb4 a5 43.Na2 Ke6 44.Nc3 Be8 45.Kd2 Bc6 46.Nd1 Bd7 47.Ne3 Kd6 
48.f4 gxf4 49.gxf4 Ke6 50.b3 Kd6 51.Kc3 Kc6 52.Kd3 Kd6 53.Ke2 Bb5+ 54.Kd2 
Bd7 55.Nf1 Bg4 56.Ne3 Bd7 57.f5 Kc6 58.Ke2 Kd6 59.Kf3 Bc8 60.Ke2 Bd7 61.
Kd3 Bb5+ 62.Kd2 Bd7 63.Kc3 Kc6 64.b4 a4 65.b5+ Kxb5 66.Nxd5 Bxf5 67.Nxf6 
Bg6 68.Nd5 Bf7 69.Nf4 Be8 70.Kd3 Bf7 71.Kc3 Be8 72.d5 Kc5 73.Ne6+ Kd6 74.
Kb4 Bf7 75.Kxa4 Kxd5 76.Nf4+ Ke5 0-1

[Event "55th World U20 ch"]
[Site "Bhubaneswar IND"]
[Date "2016.08.11"]
[Round "4.29"]
[White "Papakonstantinou, Dimitrios"]
[Black "Karthik, Venkataraman"]
[Result "1-0"]
[WhiteElo "2180"]
[BlackElo "2305"]
[EventDate "2016.08.08"]
[PlyCount "93"]

1.e4 e5 2.Nf3 Nc6 3.Bb5 a6 4.Ba4 Nf6 5.O-O Be7 6.Re1 b5 7.Bb3 d6 8.c3 O-O 
9.d4 Bg4 10.d5 Na5 11.Bc2 c6 12.h3 Bc8 13.dxc6 Qc7 14.Nbd2 Qxc6 15.Nf1 Nc4
16.Ne3 Nxe3 17.Rxe3 h6 18.Nh2 Be6 19.Qe2 Rad8 20.Bb3 d5 21.exd5 Nxd5 22.
Rg3 Bh4 23.Rd3 Qb6 24.g3 Be7 25.Ng4 Rfe8 26.Be3 Nxe3 27.Bxe6 Qxe6 28.Rxe3 
f6 29.b4 Rd5 30.Rd3 Rxd3 31.Qxd3 e4 32.Qe2 f5 33.Ne3 Bf6 34.Rc1 f4 35.gxf4
Qxh3 36.c4 bxc4 37.Qxc4+ Kh7 38.Qxa6 Bd4 39.f5 Rd8 40.Qg6+ Kh8 41.Qg4 
Qxg4+ 42.Nxg4 h5 43.Ne3 Kh7 44.Rd1 Kh6 45.f6 Bxf6 46.Rxd8 Bxd8 47.Nd5 1-0

[Event "55th World U20 ch"]
[Site "Bhubaneswar IND"]
[Date "2016.08.11"]
[Round "4.30"]
[White "Krishna Teja, N."]
[Black "Nyamdorj, Davaaochir"]
[Result "1-0"]
[WhiteElo "2282"]
[BlackElo "2015"]
[EventDate "2016.08.08"]
[PlyCount "71"]

1.d4 Nf6 2.c4 e6 3.Nf3 d5 4.Nc3 Be7 5.Bf4 O-O 6.e3 Nbd7 7.c5 c6 8.h3 b6 9.
b4 a5 10.a3 h6 11.b5 bxc5 12.bxc6 Nb6 13.Nb5 Nc4 14.Bc7 Qe8 15.Bxc4 Qxc6 
16.Ne5 Qb7 17.Be2 Ne8 18.Rb1 c4 19.Bd6 Nxd6 20.Nxd6 Qa6 21.Nxc8 Rfxc8 22.
a4 Rab8 23.O-O Rb4 24.Qc2 Rcb8 25.Bh5 Rf8 26.f4 Bd6 27.Nf3 Qc6 28.f5 Rxa4 
29.fxe6 fxe6 30.Nh4 Rb4 31.Qg6 Qd7 32.Rxf8+ Bxf8 33.Rxb4 axb4 34.Bg4 Qd6 
35.Bxe6+ Kh8 36.Qf7 1-0

[Event "55th World U20 ch"]
[Site "Bhubaneswar IND"]
[Date "2016.08.11"]
[Round "4.31"]
[White "Rahul Srivatshav, P."]
[Black "Seppala, Joni"]
[Result "1-0"]
[WhiteElo "2280"]
[BlackElo "1765"]
[EventDate "2016.08.08"]
[PlyCount "81"]

1.Nf3 d5 2.g3 Nf6 3.Bg2 g6 4.O-O Bg7 5.d3 O-O 6.Nbd2 c6 7.e4 dxe4 8.dxe4 
Qc7 9.Qe2 e5 10.b3 Nbd7 11.Bb2 Re8 12.Rfd1 a5 13.a4 Nc5 14.Ba3 Bf8 15.Ne1 
b6 16.Qe3 Ba6 17.Bf1 Bxf1 18.Kxf1 Rad8 19.f3 Rd7 20.Nc4 Rxd1 21.Rxd1 Kg7 
22.Kg2 Nfd7 23.Qc3 f6 24.h4 h5 25.Qd2 Rd8 26.Kh2 Ne6 27.Bd6 Bxd6 28.Qxd6 
Qxd6 29.Rxd6 Ndc5 30.Rxc6 Rd1 31.Nd3 Nd4 32.Rc7+ Kg8 33.Nxc5 bxc5 34.Rxc5 
Nxf3+ 35.Kh3 Re1 36.Kg2 Nd4 37.Nxa5 Re2+ 38.Kf1 Rxe4 39.Nb7 Re3 40.a5 Rxg3
41.a6 1-0

[Event "55th World U20 ch"]
[Site "Bhubaneswar IND"]
[Date "2016.08.11"]
[Round "4.32"]
[White "Thogersen, Rasmus"]
[Black "Dhulipalla, Bala Chandra Prasad"]
[Result "0-1"]
[WhiteElo "2171"]
[BlackElo "2276"]
[EventDate "2016.08.08"]
[PlyCount "82"]

1.d4 Nf6 2.c4 g6 3.Nc3 d5 4.Nf3 Bg7 5.Qb3 dxc4 6.Qxc4 O-O 7.e4 a6 8.Be2 b5
9.Qb3 c5 10.dxc5 Be6 11.Qc2 Nbd7 12.Be3 Rc8 13.Rd1 b4 14.Nd5 Bxd5 15.exd5 
Nxc5 16.O-O Qd6 17.Qc4 Nfd7 18.Rd2 Qb8 19.Qh4 Nf6 20.Bf4 Qb7 21.Rfd1 b3 
22.a3 Nfe4 23.Rd4 Bxd4 24.Rxd4 Rfd8 25.d6 Ne6 26.Rb4 Qd5 27.dxe7 Re8 28.
Be3 Nd6 29.Bd2 Rc2 30.Bf1 a5 31.Rb6 Rxd2 32.Nxd2 Qxd2 33.Rxb3 Nf5 34.Qa4 
Rxe7 35.Rd3 Qxb2 36.Qxa5 h5 37.a4 Ned4 38.g3 Kh7 39.Qd5 Ne2+ 40.Kg2 Nc3 
41.Qc4 Ne4 0-1

[Event "55th World U20 ch"]
[Site "Bhubaneswar IND"]
[Date "2016.08.11"]
[Round "4.33"]
[White "Ivic, Velimir"]
[Black "Dassanayake, D. M. G. S."]
[Result "1-0"]
[WhiteElo "2270"]
[BlackElo "1859"]
[EventDate "2016.08.08"]
[PlyCount "113"]

1.Nf3 Nf6 2.c4 g6 3.Nc3 Bg7 4.g3 d5 5.cxd5 Nxd5 6.Bg2 O-O 7.h4 h6 8.O-O 
Nb6 9.d3 Nc6 10.Bd2 e5 11.Rc1 Re8 12.Ne4 Rb8 13.b4 Nd4 14.Nc5 c6 15.Nxd4 
exd4 16.Bf4 Ra8 17.Qd2 Kh7 18.b5 Nd5 19.bxc6 bxc6 20.Ne4 Re6 21.e3 dxe3 
22.fxe3 Qe7 23.g4 Nxf4 24.Rxf4 Be5 25.Rff1 f5 26.gxf5 gxf5 27.Rxf5 Rg6 28.
Rxe5 Qxe5 29.Rc5 Qe7 30.h5 Rg7 31.Rxc6 Bh3 32.Rg6 Rag8 33.Bxh3 Rxg6+ 34.
hxg6+ Rxg6+ 35.Bg2 Qg7 36.Qf2 Qa1+ 37.Kh2 Qe5+ 38.Ng3 Rg7 39.Qf5+ Qxf5 40.
Nxf5 Rc7 41.Kg3 Kg6 42.Nd4 Kf6 43.Nc6 Rg7+ 44.Kf3 h5 45.a4 h4 46.a5 Ke6 
47.Nd4+ Ke5 48.Kf2 Rf7+ 49.Bf3 Kd6 50.Kg2 Kc5 51.Kh3 Kb4 52.Bd5 Rd7 53.
Nc6+ Kc3 54.e4 Rc7 55.d4 Rh7 56.e5 Rd7 57.e6 1-0

[Event "55th World U20 ch"]
[Site "Bhubaneswar IND"]
[Date "2016.08.11"]
[Round "4.34"]
[White "Yogit, S."]
[Black "Skettos, Nicolas"]
[Result "1-0"]
[WhiteElo "2270"]
[BlackElo "1561"]
[EventDate "2016.08.08"]
[PlyCount "57"]

1.e4 c5 2.Nf3 d6 3.d4 cxd4 4.Nxd4 Nf6 5.Nc3 a6 6.Be2 e6 7.O-O Be7 8.f4 O-O
9.Kh1 b5 10.Bf3 e5 11.Nf5 b4 12.Nd5 Bxf5 13.exf5 Nxd5 14.Qxd5 Ra7 15.fxe5 
dxe5 16.Qxe5 Rc7 17.Bf4 Rc5 18.Qe3 Rc8 19.Rad1 Qe8 20.Bb7 Bc5 21.Qg3 Rd8 
22.Bh6 g6 23.Bxf8 Qxf8 24.fxg6 hxg6 25.Bd5 Rd7 26.Qxg6+ Kh8 27.Qh5+ Kg8 
28.Rd3 Bd6 29.Rd4 1-0

[Event "55th World U20 ch"]
[Site "Bhubaneswar IND"]
[Date "2016.08.11"]
[Round "4.35"]
[White "Subramaniam, Shreyes"]
[Black "Ranjan Sahoo, Utkal"]
[Result "1/2-1/2"]
[WhiteElo "1863"]
[BlackElo "2266"]
[EventDate "2016.08.08"]
[PlyCount "170"]

1.e4 e5 2.Nf3 Nc6 3.Bc4 Bc5 4.c3 Nf6 5.d3 d6 6.O-O O-O 7.h3 h6 8.Bb3 a6 9.
Nbd2 Ba7 10.Re1 Nh5 11.Nf1 Qf6 12.Ne3 Nf4 13.Nd5 Nxd5 14.exd5 Ne7 15.Be3 
Ng6 16.d4 exd4 17.Bxd4 Bxd4 18.Qxd4 Qxd4 19.Nxd4 Bd7 20.Bc2 Ne5 21.f4 Nc4 
22.Re7 Rfd8 23.b3 Nb6 24.c4 Kf8 25.Rae1 Re8 26.Rxe8+ Bxe8 27.a4 Nd7 28.a5 
Nf6 29.g4 Bd7 30.Kg2 Re8 31.Rxe8+ Kxe8 32.Kg3 Ng8 33.h4 Ne7 34.f5 c6 35.
Be4 c5 36.Nf3 h5 37.Kf4 hxg4 38.Ne1 g6 39.fxg6 fxg6 40.Ng2 Kf7 41.Ne3 Kf6 
42.Nxg4+ Bxg4 43.Kxg4 Nc8 44.h5 gxh5+ 45.Kxh5 b6 46.axb6 Nxb6 47.Bd3 a5 
48.Be2 a4 49.bxa4 Nxa4 50.Kg4 Nc3 51.Bf1 Ke5 52.Kg5 Ne4+ 53.Kg6 Ng3 54.Bg2
Nf5 55.Bf1 Ne3 56.Be2 Nf5 57.Kf7 Ng3 58.Bf3 Nf5 59.Be2 Nd4 60.Bf1 Nc2 61.
Ke7 Ne3 62.Be2 Nf5+ 63.Kd7 Ng3 64.Bd3 Nh5 65.Be2 Nf6+ 66.Kc6 Ne4 67.Bf1 
Ng3 68.Bd3 Nh5 69.Be2 Nf4 70.Bf1 Ng6 71.Bd3 Nh4 72.Bf1 Nf5 73.Bd3 Ne3 74.
Be2 Nc2 75.Bf1 Nd4+ 76.Kc7 Nf5 77.Kc6 Ne7+ 78.Kd7 Nxd5 79.cxd5 Kxd5 80.
Bg2+ Ke5 81.Bf1 d5 82.Kc6 Kd4 83.Bg2 c4 84.Bxd5 c3 85.Bb3 c2 1/2-1/2

[Event "55th World U20 ch"]
[Site "Bhubaneswar IND"]
[Date "2016.08.11"]
[Round "4.36"]
[White "Weerasinghe, C. C."]
[Black "Basso, Pierluigi"]
[Result "0-1"]
[WhiteElo "1785"]
[BlackElo "2455"]
[EventDate "2016.08.08"]
[PlyCount "82"]

1.d4 d5 2.c4 e6 3.Nc3 Nf6 4.Nf3 Nbd7 5.e3 a6 6.cxd5 exd5 7.Bd3 Bd6 8.O-O 
O-O 9.Qc2 Re8 10.e4 dxe4 11.Nxe4 Nxe4 12.Bxe4 Nf6 13.Bg5 h6 14.Bxf6 Qxf6 
15.Rfe1 g6 16.Re2 Bg4 17.Qc3 Qf4 18.g3 Qf6 19.Kg2 c6 20.Rae1 Bb4 21.Qxb4 
Rxe4 22.Qc3 Rxe2 23.Rxe2 Rd8 24.Rd2 Be6 25.Ng1 Bxa2 26.b3 Bb1 27.f3 Bf5 
28.Ne2 g5 29.g4 Bg6 30.Kf2 h5 31.d5 Qd6 32.Kg2 hxg4 33.fxg4 Be4+ 34.Kg1 
Bxd5 35.Ng3 Re8 36.Nh5 Re1+ 37.Kf2 Qe5 38.Nf6+ Kg7 39.Nh5+ Kh8 40.Qh3 Kg8 
41.Qd3 Rh1 0-1

[Event "55th World U20 ch"]
[Site "Bhubaneswar IND"]
[Date "2016.08.11"]
[Round "4.37"]
[White "Arjun, Kalyan"]
[Black "Salles, Louis"]
[Result "1-0"]
[WhiteElo "2292"]
[BlackElo "2235"]
[EventDate "2016.08.08"]
[PlyCount "63"]

1.e4 c5 2.Nf3 d6 3.d4 cxd4 4.Nxd4 Nf6 5.Nc3 a6 6.Be3 e6 7.f3 b5 8.g4 h6 9.
Qd2 b4 10.Nce2 Nbd7 11.O-O-O d5 12.exd5 Nxd5 13.Nf4 N7f6 14.Bc4 Nxe3 15.
Qxe3 Bc5 16.Qe5 Bxd4 17.Rxd4 Qe7 18.Re1 Ra7 19.Bxe6 fxe6 20.Ng6 Nd7 21.Qh5
Qg5+ 22.Qxg5 hxg5 23.Nxh8 Nf8 24.Rxb4 g6 25.Rb8 Rc7 26.Re3 Ke7 27.Rc3 Rxc3
28.bxc3 Bd7 29.Rxf8 Kxf8 30.Nxg6+ Kg7 31.Ne5 Bc8 32.Kd2 1-0

[Event "55th World U20 ch"]
[Site "Bhubaneswar IND"]
[Date "2016.08.11"]
[Round "4.38"]
[White "Lokander, Martin"]
[Black "Tahay, Alexis"]
[Result "1/2-1/2"]
[WhiteElo "2365"]
[BlackElo "2098"]
[EventDate "2016.08.08"]
[PlyCount "95"]

1.d4 Nf6 2.Bg5 d5 3.Bxf6 gxf6 4.c4 e6 5.cxd5 exd5 6.e3 c5 7.dxc5 Bxc5 8.
Nc3 d4 9.exd4 Qxd4 10.Bb5+ Nc6 11.Qf3 Bg4 12.Qe4+ Kf8 13.Qxd4 Nxd4 14.Bd3 
Kg7 15.f3 Rhe8+ 16.Nge2 Nxe2 17.Nxe2 Bb4+ 18.Kf2 Bc5+ 19.Kg3 Bf5 20.Nf4 
Bxd3 21.Nxd3 Bb6 22.Rhe1 Red8 23.Red1 Rac8 24.Nb4 Ba5 25.Nd5 Rc5 26.Ne3 
Re8 27.Rd5 Re5 28.Rxc5 Rxc5 29.Rd1 Rg5+ 30.Kf2 Bb6 31.Rd3 Rb5 32.b3 Rc5 
33.Ke2 Re5 34.f4 Re7 35.Kf3 Bxe3 36.Rxe3 Rc7 37.Re2 Kg6 38.Rd2 Re7 39.a4 
Rc7 40.Rd3 Re7 41.Rc3 Rd7 42.Ke3 Re7+ 43.Kf3 Rd7 44.g4 f5 45.h3 fxg4+ 46.
hxg4 Rd6 47.Ke4 Rb6 48.Rd3 1/2-1/2

[Event "55th World U20 ch"]
[Site "Bhubaneswar IND"]
[Date "2016.08.11"]
[Round "4.39"]
[White "Holleland, Sigve"]
[Black "Hsu Chuan Chia"]
[Result "1-0"]
[WhiteElo "2106"]
[BlackElo "1777"]
[EventDate "2016.08.08"]
[PlyCount "53"]

1.c4 g6 2.g3 Bg7 3.Bg2 d6 4.Nf3 Nf6 5.O-O O-O 6.Nc3 Nc6 7.Rb1 Bf5 8.d3 a5 
9.a3 Qd7 10.b4 axb4 11.axb4 e5 12.Ng5 h6 13.Nge4 Nxe4 14.Nxe4 Bh3 15.Bxh6 
Bxg2 16.Kxg2 f5 17.Bxg7 Kxg7 18.Nd2 Rh8 19.e3 f4 20.g4 Rh4 21.h3 Rah8 22.
Rh1 g5 23.Qf3 Rf8 24.Qe4 Qf7 25.b5 fxe3 26.Qxe3 Nd4 27.Qxg5+ 1-0

[Event "55th World U20 ch"]
[Site "Bhubaneswar IND"]
[Date "2016.08.12"]
[Round "5.1"]
[White "Artemiev, Vladislav"]
[Black "Mosadeghpour, Masoud"]
[Result "1/2-1/2"]
[WhiteElo "2665"]
[BlackElo "2437"]
[EventDate "2016.08.08"]
[PlyCount "149"]

1.c4 Nf6 2.Nc3 d5 3.cxd5 Nxd5 4.g3 g6 5.Bg2 Nxc3 6.bxc3 Bg7 7.h4 c6 8.Qa4 
b5 9.Qf4 Qd6 10.Nf3 e5 11.Qe3 O-O 12.h5 Nd7 13.hxg6 hxg6 14.Qe4 Re8 15.Ng5
Bb7 16.Qh4 Nf6 17.a4 b4 18.Qxb4 Qxb4 19.cxb4 e4 20.Bb2 a5 21.Rh4 axb4 22.
Nxe4 Rxe4 23.Bxe4 g5 24.Bxc6 Bxc6 25.Rc4 Bd7 26.Rxb4 Nd5 27.Rb3 Bxa4 28.
Rba3 Bxb2 29.Rxa4 Rf8 30.R1a2 Bf6 31.Ra8 Bd8 32.R2a7 Nb6 33.Rb8 Kg7 34.
Rab7 Nc4 35.Rd7 Ba5 36.Rxf8 Kxf8 37.Rd4 Nb6 38.Kd1 Ke7 39.g4 Ke6 40.e3 Nd7
41.Re4+ Kd6 42.Ke2 Bb6 43.f3 Nf8 44.Re8 Ne6 45.Rb8 Kc7 46.Ra8 Kd6 47.Ra6 
Kc6 48.d4 Nc7 49.Ra1 Kd6 50.Kd3 Nd5 51.Ra8 Nb4+ 52.Ke4 Nd5 53.Rh8 Nf6+ 54.
Kf5 Nd5 55.Rh6+ Ke7 56.Ke5 Nxe3 57.Ke4 Nc4 58.Kd5 Ne3+ 59.Ke4 Nc4 60.Rc6 
Nd2+ 61.Ke3 Kd7 62.Rc3 Nf1+ 63.Kd3 Ng3 64.d5 f5 65.Rc6 Bc7 66.Rf6 fxg4 67.
Rf7+ Kd6 68.fxg4 Bb8 69.Rf8 Bc7 70.Rf7 Bb8 71.Kc4 Ne4 72.Kd4 Nf2 73.Rf6+ 
Kd7 74.Rf7+ Kd6 75.Rf6+ 1/2-1/2

[Event "55th World U20 ch"]
[Site "Bhubaneswar IND"]
[Date "2016.08.12"]
[Round "5.2"]
[White "Narayanan, Sunilduth Lyna"]
[Black "Xiong, Jeffery"]
[Result "1/2-1/2"]
[WhiteElo "2515"]
[BlackElo "2633"]
[EventDate "2016.08.08"]
[PlyCount "60"]

1.d4 Nf6 2.c4 g6 3.Nc3 d5 4.Nf3 Bg7 5.cxd5 Nxd5 6.e4 Nxc3 7.bxc3 c5 8.Be3 
O-O 9.Be2 b6 10.Rc1 e6 11.h4 Bb7 12.e5 Nd7 13.h5 cxd4 14.cxd4 Rc8 15.hxg6 
hxg6 16.Rxc8 Qxc8 17.Qd2 Qc6 18.O-O Rc8 19.Rc1 Qxc1+ 20.Qxc1 Rxc1+ 21.Bxc1
Bd5 22.a3 Nb8 23.Bb2 Nc6 24.Nd2 Na5 25.g3 Bf8 26.f4 Be7 27.Kf2 Kf8 28.Bb5 
g5 29.Ke3 gxf4+ 30.gxf4 f5 1/2-1/2